Statistiken für Europa - Länder anhand von Städten

Klicken Sie hier um das Quiz zu spielen!

Allgemein

  • Dieses Quiz wurde 462 mal gespielt
  • Das Durchschnittsergebnis liegt bei 35 aus 45

Antwortstatistiken

StadtLand% Korrekt
Andorra la VellaAndorra
98%
BielefeldDeutschland
98%
BaselSchweiz
98%
MarseilleFrankreich
95%
ReykjavikIsland
95%
LuxemburgLuxemburg
95%
MonacoMonaco
95%
InnsbruckÖsterreich
94%
Sankt PetersburgRussland
94%
San MarinoSan Marino
94%
VatikanstadtVatikanstadt
94%
AntwerpenBelgien
93%
RotterdamNiederlande
93%
RigaLettland
92%
GöteborgSchweden
92%
ManchesterVereinigtes Königreich
92%
PalermoItalien
91%
PortoPortugal
90%
ValenciaSpanien
89%
BergenNorwegen
88%
TiranaAlbanien
86%
ThessalonikiGriechenland
86%
BreslauPolen
84%
SplitKroatien
83%
AarhusDänemark
82%
SkopjeMazedonien
82%
CorkIrland
81%
PristinaKosovo
81%
PodgoricaMontenegro
78%
OdessaUkraine
78%
BrünnTschechien
74%
DebrezinUngarn
62%
Banja LukaBosnien und Herzegowina
58%
EspooFinnland
58%
WarnaBulgarien
56%
KaunasLitauen
54%
Marburg an der DrauSlowenien
53%
KlausenburgRumänien
52%
NisSerbien
51%
TiraspolMoldawien
50%
TartuEstland
49%
SchaanLiechtenstein
44%
KaschauSlowakei
42%
HomelWeißrussland
42%
BirkirkaraMalta
38%

Verteilung der Resultate

Perzentil nach korrekt beantworteten Fragen

Anzahl Personen mit jedem Resultat

Ihre Resultats-Entwicklung

Sie haben dieses Quiz noch nicht gespielt